000 01182nam a2200337 i 4500
003 EG-GICUC
005 20260506131854.0
008 260506s1976 fr |||fr|||| 000 0 Fre d
020 _a2275012826
040 _aEG-GiCUC
_bfre
_cEG-GiCUC
_dEG-GiCUC
_eRda
041 0 _afre
082 0 4 _a345.32311
_bTH . R
_221
092 0 4 _221
099 _aLaw 07 345.32311 TH . R 1976
100 1 _aTheron, Jean-Pierre.
_eAuteur
245 1 0 _aRecherche Sur La Notion D'Établissement Public :
_nTome CXXIII /
_cPar Jean-Pierre Theron, Marcel Waline; Préface De Jean-Arnaud Mazeres.
264 1 _aParis :
_bLibrairie Generale De Droit Et De Jurisprudence,
_c1976.
300 _a329 Page :
_c 24 cm.
336 _2rda contenu
_a texte
337 _2rda medias
_aOrdinateur
338 _2 transporteur rda
_a Ressource en ligne
490 _aBibliothéque De Droit Public
504 _aBibliography: pages 303-317
546 _aTexte en français
650 1 _aDroit Administratif
700 1 _aMazeres, Jean-Arnaud
_ePréfacier
700 1 _aWaline, Marcel
_eCo-Auteur
856 4 0 _uhttps://fll.law.cu.edu.eg/fulltext/bks/B07-06017.pdf
905 _a64
942 _2ddc
_n0
_cBK
_e21
999 _c76008
_d76008